| 000 | 00781cam a2200217 a 4500 | ||
|---|---|---|---|
| 001 | 000002890 | ||
| 005 | 20200929150258.0 | ||
| 008 | 960924s1995 ck 001 p mul | ||
| 020 | _a9586122255 | ||
| 040 |
_aDO-SdBNP _cDLC _dDLC |
||
| 082 |
_aC861.408 _bG824a |
||
| 100 | 1 |
_aGreiff, León de, _d1895-1976. _99182 |
|
| 245 | 1 | 0 |
_aAntología multilinguüe : _b50 poemas / _cLeón de Greiff; introducción, Hjalmar de Greiff. |
| 260 |
_aBogotá : _bInstituto Colombiano de Cultura ; _bBiblioteca Nacional de Colombia, _c1995. |
||
| 300 |
_a468 p. ; _c24 cm. |
||
| 650 | 4 |
_aPoesía colombiana _xColecciones _98105 |
|
| 650 | 4 |
_aLiteratura colombiana _91244 |
|
| 600 | 1 | 4 |
_aGREIFF, LEÓN DE _d1895-1976. _99183 |
| 700 | 1 |
_aGREIFF, HJALMAR DE _99184 |
|
| 910 | _aCatalogación por copia / LC | ||
| 999 |
_c2724 _d2724 |
||